000 00888nam a2200289 i 4500
001 C2-0330952
003 PPAK
005 20180728131441.0
008 150524s2015 my a|||| ||||| | may d
020 _a9789673253135
040 _aPPAK
_beng
_cPPAK
_erda
082 0 4 _a372.832
_223
090 0 0 _a372.832
_bNOR
_dR
100 0 _aNor Aslina Mamat,
_eauthor
245 1 0 _aPendidikan sivik & kewarganegaraan
264 1 _aPuchong, Selangor :
_bPNI Neuron (M) Sdn. Bhd. ,
_c2015
300 _a240 pages :
_bcolour photographs ;
_c26 cm
336 _2rdacontent
_atext
337 _2rdamedia
_aunmediated
338 _2rdacarrier
_avolume
490 1 _aPembelajaran holistik PPPM & sumatif
500 _aIncludes questions and answers
650 1 0 _aMoral education - Study and teaching.
700 _eauthor
830 0 _aPembelajaran holistik PPPM & sumatif
942 _ddc
_cB
999 _c129724
_d129724